|
|
|
|
| LEADER |
00791nam a2200217 a 4500 |
| 001 |
GR-MES1627 |
| 008 |
991111s1991 nyu 000 b eng d |
| 020 |
|
|
|a 0471533327
|
| 040 |
|
|
|a GrPaTEI
|b gre
|c GR-PaULI
|
| 245 |
0 |
0 |
|a Working papers to accompany.Advanced accounting.
|
| 250 |
|
|
|a 7th ed
|
| 260 |
|
|
|a New York :
|b John Wiley :
|b John Wiley,
|c 1991
|
| 650 |
|
4 |
|a Λογιστική
|
| 650 |
|
4 |
|a ΦΥΛΛΑ ΛΟΓΙΣΤΙΚΗΣ
|
| 700 |
1 |
|
|a Haried, Andrew
|
| 700 |
1 |
|
|a Imdieke, Leroy
|
| 700 |
1 |
|
|a Smith, Ralph
|
| 942 |
|
|
|2 ddc
|
| 952 |
|
|
|0 0
|1 0
|2 ddc
|4 0
|6 657_046000000000000_HAR
|7 0
|9 265863
|a MSLG
|b MSLG
|c BSC
|d 2021-01-17
|e 24
|f 0
|g 0.00
|l 0
|o 657.046 HAR
|p 2420000002592
|r 2021-01-17 00:00:00
|t 1
|w 2021-01-17
|y BK15
|x 19991111 0 1
|x GrPaTEI
|
| 971 |
|
|
|a .b25726705
|b 15-04-20
|c 13-09-16
|
| 999 |
|
|
|c 152850
|d 152850
|